O Livro da Tila (Registo nº 3860)

Detalhes MARC
000 -Etiqueta do registo
Cabeçalho 00600cam a2200217 i 4500
005 - Identificador da versão
Campo de controlo 20240813122046.0
100 ## - Dados gerais de processamento
Dados gerais de processamento 20101018d 1976cd y0pory5003 ba
102 ## - Pais de publicação ou produção
País de publicação Portugal
101 0# - Língua de publicação
Língua do texto, banda sonora, etc. Português
215 ## - Descrição física 
Indicação específica da natureza do documento e extensão da espécie 99, [1] p. : il
200 1# - Titulo e menção de responsabilidade
Título próprio O Livro da Tila
Informação de outro título cantigas pequeninas
Primeira menção de responsabilidade Matilde Rosa Araújo
225 1# - Colecção 
Título próprio da colecção Bandeiras de todo o mundo
205 ## - Menção da edição
Menção da edição 4ª ed.
210 ## - Publicação, Distribuição, etc. 
Lugar da edição, distribuição, etc. Coimbra
Nome do editor, distribuidor, etc. Atlântida Editora
Data da publicação, distribuição, etc. 1976
606 ## - Nome comum usado como assunto
Número de registo de entrada de autoridade 0000308
Palavra de ordem Poesias
Subdivisão de assunto Publicações Infantis
675 ## - Classificação Decimal Universal (CDU)
Notação 821.134.3-14
Língua da edição por
700 #1 - Nome de autor-pessoa física (responsabilidade principal)
Número de registo de entrada de autoridade 0000300
Palavra de ordem Araújo
Outra parte do nome não tomada para palavra de ordem Matilde Rosa
942 ## - Elementos de entrada adicionados (Koha)
Tipo de item no Koha Livro
Exemplares
Situação do levantamento Origin of item (home branch) (coded) Biblioteca de empréstimo Código de barras Cota Circulation type (not for loan) Tipo de documento Nota do exemplar Damaged status
  Biblioteca Escolar das Vendas Biblioteca Escolar das Vendas BEV197 8POR ARA   Livro Sem mensagem  
  Biblioteca Escolar das Vendas Biblioteca Escolar das Vendas BEV202 8POR ARA   Livro Sem mensagem